| 000 | 00448nam a2200193Ia 4500 | ||
|---|---|---|---|
| 005 | 20240823044516.0 | ||
| 008 | 240823s9999||||xx |||||||||||||| ||und|| | ||
| 020 | _a81-7823-285-5 | ||
| 041 | _aTAMIL | ||
| 082 | _A128.2 Q3 | ||
| 100 | _aSwami Viveakandar | ||
| 245 | 0 | _aManam Or Aattal Kalangiyam | |
| 250 | _a1st | ||
| 260 |
_c2013 _bSri Ramakrishna |
||
| 500 | _aTRANSFERED | ||
| 650 |
_aManam _bGeneral |
||
| 942 | _cBK | ||
| 999 |
_c212757 _d212757 |
||